Využitie rekvizity v literárnej výchove

Bibliographic Details
Main Author: Murárová, Imelda (Author)
Format: Article
Language:Slovak
Subjects:

MARC

LEADER 00000nab a2200000 a 4500
001 vtls000148763
003 SK-MaSNL
005 20260304170143.0
008 250422c19821983xo 0 slo
015 |a SNBRB19rr/mm-uuuuu 
035 |a CL0158870 
035 |a urn:nbn:sk:snk-abbc7k 
035 |a (urnnbn)urn:nbn:sk:snk:ar-002hl2 
035 |a (uuid)d049d428-1e2a-432f-92ef-6b8b4dfe9caa 
040 |a SNKBUCL  |b slo  |c SNKBUCL  |e AACR2 
041 0 |a slo 
044 |a xo  |c SK 
080 |a 373.24  |2 1981 
080 |a 82  |2 1981 
080 |a 792.9  |2 1981 
100 1 |a Murárová, Imelda  |4 aut  |9 1497205 
245 1 0 |a Využitie rekvizity v literárnej výchove  |c Imelda Murárová 
650 0 7 |a materské školy  |2 snkbucl  |9 1278 
650 0 7 |a literárna výchova  |2 snkbucl  |9 1653 
655 7 |a články z novín a časopisov  |2 snkbucl  |9 267496 
773 0 |t Predškolská výchova  |g Roč. 37, č. 4 (1982/1983), s. 15-17 
850 |a Slovenská národná knižnica 
852 |a Slovenská národná knižnica 
954 |a odborná, vedecká literatúra pôvodná (slovenská)  |2 lita 
958 |a article15 
958 |a RK 
958 |a OND 
958 |a EUIPO 
992 |a RBX 
999 |c 2987321  |d 2989251